|
|
|
|
| LEADER |
01764nam a2200373 u 4500 |
| 001 |
10027325 |
| 003 |
upatras |
| 005 |
20210916125448.0 |
| 008 |
990820s1994 ne eng |
| 020 |
|
|
|a 9051991800
|q ((IOS Press))
|
| 020 |
|
|
|a 4274078035
|q ((Ohmsha))
|
| 040 |
|
|
|a GR-PaULI
|c GR-PaULI
|
| 041 |
0 |
|
|a eng
|
| 082 |
0 |
4 |
|a 005.1
|
| 082 |
0 |
4 |
|a 006.31
|
| 245 |
1 |
0 |
|a Genetic algorithms in optimisation, simulation and modelling
|c edited by J. Stender, E. Hillebrand and J. Kingdon
|
| 260 |
|
|
|a Amsterdam
|a Washington, D.C.
|a Tokyo
|b IOS Press
|b Ohmsha
|c 1994
|
| 300 |
|
|
|a vii, 261 p.
|b fig.
|c 24 cm.
|
| 490 |
1 |
|
|a Frontiers in artificial intelligence and applications series
|v 23
|x 0922-6389
|
| 504 |
|
|
|a Includes bibliographical references and index
|
| 650 |
|
4 |
|a Γενετικοί αλγόριθμοι
|9 295
|
| 650 |
|
4 |
|a Αλγόριθμοι
|9 1123
|
| 650 |
|
4 |
|9 84642
|a Τεχνητή νοημοσύνη
|
| 700 |
1 |
|
|a Stender, J.
|4 edt
|9 153122
|
| 700 |
1 |
|
|a Hillebrand, E.
|4 edt
|9 153123
|
| 700 |
1 |
|
|a Kingdon, J.
|4 edt
|9 153124
|
| 760 |
0 |
|
|a Frontiers in artificial intelligence and applications
|g 23
|x 0922-6389
|x 0922-6389
|
| 852 |
|
|
|a GR-PaULI
|b ΠΑΤΡΑ
|b ΒΚΠ
|b ΒΣ1
|k ΑΣΧΞ
|h 005.1 S
|m 049030
|p 025000061507
|t 1
|
| 852 |
|
|
|a GR-PaULI
|b ΠΑΤΡΑ
|b ΒΚΠ
|b ΒΣ1
|k ΑΣΧΞ-12
|h 006.31 STE
|m 049029
|p 025000061508
|t 2
|
| 942 |
|
|
|2 ddc
|c BK15
|
| 952 |
|
|
|0 0
|1 0
|4 0
|6 005_100000000000000_S
|7 0
|9 197813
|a LISP
|b LISP
|c BSC
|d 2016-04-24
|i 049030
|l 0
|o 005.1 S
|p 025000061507
|r 2016-04-24 00:00:00
|t 1
|w 2016-04-24
|y BK15
|
| 952 |
|
|
|0 0
|1 0
|4 0
|6 006_310000000000000_STE
|7 0
|9 197814
|a LISP
|b LISP
|c BSC
|d 2016-04-24
|i 049029
|l 1
|m 1
|o 006.31 STE
|p 025000061508
|r 2017-02-09 00:00:00
|s 2017-01-10
|t 2
|w 2016-04-24
|y BK15
|
| 998 |
|
|
|c ΠΑΝΑΓΟΠΟΥΛΟΥ
|d 1999-08
|
| 999 |
|
|
|c 121512
|d 121512
|